[Event "Tashkent Borisenko Memorial"]
[Site "Tashkent"]
[Date "2025.08.26"]
[Round "9"]
[White "Zarubitski, Viachaslau"]
[Black "Tologontegin, Semetey"]
[Result "1/2-1/2"]
[WhiteElo "2409"]
[BlackElo "2304"]
[PlyCount "35"]
[EventDate "2025.08.21"]
[EventType "tourn"]
[EventRounds "9"]
[EventCountry "UZB"]
[EventCategory "2"]
[SourceTitle "CB35_2025"]
[SourceDate "2025.08.27"]
[SourceVersion "1"]
[SourceVersionDate "2025.08.27"]
[SourceQuality "1"]

1. e4 e5 2. Nf3 Nc6 3. Bb5 Nf6 4. d3 Bc5 5. Bg5 h6 6. Bh4 Ne7 7. d4 exd4 8. Bxf6 gxf6 9. 0-0 c6 10. Bc4 Qb6 11. e5 fxe5 12. Bxf7+ Kxf7 13. Nxe5+ Kg7 14. Qg4+ Kh7 15. Qe4+ Kg7 16. Qg4+ Kh7 17. Qe4+ Kg7 18. Qg4+ 1/2-1/2

[Event "Tashkent Borisenko Memorial"]
[Site "Tashkent"]
[Date "2025.08.22"]
[Round "3"]
[White "Zarubitski, Viachaslau"]
[Black "Abdukhakimov, Akbarali"]
[Result "1/2-1/2"]
[WhiteElo "2409"]
[BlackElo "2271"]
[PlyCount "79"]
[EventDate "2025.08.21"]
[EventType "tourn"]
[EventRounds "9"]
[EventCountry "UZB"]
[EventCategory "2"]
[SourceTitle "CB35_2025"]
[SourceDate "2025.08.27"]
[SourceVersion "1"]
[SourceVersionDate "2025.08.27"]
[SourceQuality "1"]

1. e4 c5 2. Nf3 d6 3. d4 cxd4 4. Nxd4 Nf6 5. Nc3 a6 6. g3 e5 7. Nde2 Be7 8. Bg2 0-0 9. a4 Be6 10. 0-0 Nbd7 11. b3 Qc7 12. h3 h6 13. Be3 Nc5 14. a5 b5 15. axb6 Qxb6 16. Na4 Qc6 17. Nxc5 dxc5 18. c4 Nxe4 19. Qc2 Bf5 20. f4 exf4 21. Rxf4 Bg5 22. Raf1 Rae8 23. Rxf5 Bxe3+ 24. Kh2 Qe6 25. Qd3 Nf6 26. Nf4 Bxf4 27. R1xf4 Rd8 28. Bd5 Nxd5 29. Rxd5 Rxd5 30. cxd5 Rd8 31. dxe6 Rxd3 32. Rxf7 Re3 33. Rc7 Rxe6 34. Rxc5 Re2+ 35. Kg1 Re3 36. Rc6 a5 37. Ra6 Rxg3+ 38. Kh2 Rg5 39. b4 axb4 40. Rb6 1/2-1/2

[Event "Tashkent Safin Memorial"]
[Site "Tashkent"]
[Date "2025.08.17"]
[Round "4"]
[White "Zarubitski, Viachaslau"]
[Black "Islamov, Shakhzod"]
[Result "1/2-1/2"]
[WhiteElo "2409"]
[BlackElo "2229"]
[PlyCount "67"]
[EventDate "2025.08.15"]
[EventType "tourn"]
[EventRounds "9"]
[EventCountry "UZB"]
[EventCategory "2"]
[SourceTitle "CB34_2025"]
[SourceDate "2025.08.20"]
[SourceVersion "1"]
[SourceVersionDate "2025.08.20"]
[SourceQuality "1"]

1. d4 Nf6 2. Nf3 e6 3. Bf4 c5 4. e3 Nc6 5. Nbd2 d5 6. c3 Bd6 7. Bg3 0-0 8. Bd3 Qe7 9. Ne5 Nd7 10. Nxd7 Qxd7 11. 0-0 c4 12. Bc2 f5 13. b3 b5 14. a4 cxb3 15. Bxb3 b4 16. c4 Bxg3 17. hxg3 Na5 18. cxd5 exd5 19. Qe2 Qd6 20. Rfc1 Nxb3 21. Nxb3 Ba6 22. Qb2 Bc4 23. a5 Bxb3 24. Qxb3 Rfc8 25. a6 Rab8 26. f4 Rc6 27. Kf2 Rbb6 28. Rc2 Kf7 29. Ra5 Rxc2+ 30. Qxc2 g6 31. Qb3 Rxa6 32. Rxd5 Qe6 33. Qc4 Rc6 34. Qb5 1/2-1/2

[Event "Tashkent Safin Memorial"]
[Site "Tashkent"]
[Date "2025.08.15"]
[Round "1"]
[White "Tologontegin, Semetey"]
[Black "Zarubitski, Viachaslau"]
[Result "1/2-1/2"]
[WhiteElo "2304"]
[BlackElo "2409"]
[PlyCount "31"]
[EventDate "2025.08.15"]
[EventType "tourn"]
[EventRounds "9"]
[EventCountry "UZB"]
[EventCategory "2"]
[SourceTitle "CB34_2025"]
[SourceDate "2025.08.20"]
[SourceVersion "1"]
[SourceVersionDate "2025.08.20"]
[SourceQuality "1"]

1. f4 e5 2. e4 d5 3. Nc3 Nf6 4. fxe5 Nxe4 5. d3 Bb4 6. dxe4 Qh4+ 7. Ke2 Bxc3 8. bxc3 Bg4+ 9. Nf3 dxe4 10. Qd4 Bh5 11. Ke3 Bxf3 12. gxf3 Qe1+ 13. Kf4 Qh4+ 14. Ke3 Qe1+ 15. Kf4 Qh4+ 16. Ke3 1/2-1/2

[Event "Minsk op"]
[Site "Minsk"]
[Date "2025.07.17"]
[Round "8"]
[White "Levin, Evgeny A"]
[Black "Zarubitski, Viachaslau"]
[Result "1/2-1/2"]
[WhiteElo "2447"]
[BlackElo "2407"]
[PlyCount "49"]
[EventDate "2025.07.11"]
[EventType "swiss"]
[EventRounds "10"]
[EventCountry "BLR"]
[SourceTitle "CB31_2025"]
[SourceDate "2025.07.30"]
[SourceVersion "1"]
[SourceVersionDate "2025.07.30"]
[SourceQuality "1"]

1. d4 d5 2. c4 c6 3. Nf3 Nf6 4. e3 Bf5 5. Nc3 e6 6. Nh4 Bg6 7. Be2 Nbd7 8. 0-0 Be7 9. g3 dxc4 10. Nxg6 hxg6 11. Bxc4 0-0 12. Qc2 b5 13. Be2 b4 14. Na4 c5 15. dxc5 Nxc5 16. Nxc5 Rc8 17. Rd1 Qb6 18. Bd2 Bxc5 19. Qb3 a5 20. Be1 Rfd8 21. Rxd8+ Rxd8 22. a3 Rb8 23. a4 Be7 24. Qc4 Nd7 25. Rd1 1/2-1/2

[Event "RUS-chT 32nd"]
[Site "Sochi"]
[Date "2025.05.05"]
[Round "9.5"]
[White "Zarubitski, Viachaslau"]
[Black "Grachev, Boris V"]
[Result "0-1"]
[WhiteElo "2398"]
[BlackElo "2585"]
[PlyCount "134"]
[EventDate "2025.04.26"]
[EventType "team-swiss"]
[EventRounds "9"]
[EventCountry "RUS"]
[SourceTitle "CB19_2025"]
[SourceDate "2025.05.07"]
[SourceVersion "1"]
[SourceVersionDate "2025.05.07"]
[SourceQuality "1"]
[WhiteTeam "Belarus"]
[BlackTeam "Moscow Sbornaya"]
[WhiteTeamCountry "BLR"]
[BlackTeamCountry "RUS"]

1. c4 e6 2. Nc3 d5 3. d4 Nf6 4. cxd5 exd5 5. Bg5 Be7 6. e3 h6 7. Bh4 Bg4 8. Be2 Bxe2 9. Ngxe2 c6 10. 0-0 0-0 11. f3 Nbd7 12. Bf2 Re8 13. Ng3 Bd6 14. Re1 Bxg3 15. Bxg3 Qb6 16. Qd2 Re6 17. Re2 Rae8 18. Rae1 Nh5 19. Bf2 f5 20. e4 fxe4 21. fxe4 Nhf6 22. e5 Nh7 23. Be3 Rf8 24. Rf2 Ree8 25. Bf4 Qd8 26. b4 Ng5 27. Bxg5 Rxf2 28. Kxf2 hxg5 29. b5 Nf8 30. bxc6 bxc6 31. Ne2 Ne6 32. Rc1 Qb6 33. Kg1 Rf8 34. Qc3 Nf4 35. Nxf4 Rxf4 36. Qxc6 Qxd4+ 37. Kh1 Qxe5 38. Qa8+ Kh7 39. Qxa7 Qe2 40. Qg1 Qxa2 41. Qd1 Qa6 42. g3 Rf5 43. Ra1 Qg6 44. Qd3 Re5 45. Ra3 Qxd3 46. Rxd3 Kg6 47. Kg2 Kf5 48. Rd4 Ke6 49. Kf3 Kd6 50. Ra4 Re7 51. Rg4 Kc5 52. Rxg5 Kc4 53. Rg6 d4 54. Rc6+ Kb3 55. Rd6 Kc3 56. g4 d3 57. h4 d2 58. Rc6+ Kb2 59. Rd6 Kc2 60. Rc6+ Kd1 61. h5 Ke1 62. Rd6 Rf7+ 63. Kg3 d1Q 64. Rxd1+ Kxd1 65. g5 Ke2 66. Kg4 Ke3 67. g6 Rf1 0-1

[Event "Minsk Bronstein Memorial"]
[Site "Minsk"]
[Date "2025.02.16"]
[Round "10"]
[White "Aleksandrov, Aleksej"]
[Black "Zarubitski, Viachaslau"]
[Result "1-0"]
[WhiteElo "2402"]
[BlackElo "2397"]
[PlyCount "67"]
[EventDate "2025.02.15"]
[EventType "swiss (rapid)"]
[EventRounds "10"]
[EventCountry "BLR"]
[SourceTitle "CB09_2025"]
[SourceDate "2025.02.27"]
[SourceVersion "1"]
[SourceVersionDate "2025.02.27"]
[SourceQuality "1"]

1. d4 f5 2. Nf3 Nf6 3. g3 g6 4. Bg2 Bg7 5. 0-0 0-0 6. c4 d6 7. Nc3 c6 8. Qc2 Na6 9. b3 Qc7 10. Ba3 b5 11. Bb2 bxc4 12. bxc4 Rb8 13. Rab1 e5 14. c5 e4 15. cxd6 Qxd6 16. Ne5 Nb4 17. Ba3 c5 18. dxc5 Qxe5 19. Rxb4 Be6 20. Rxb8 Rxb8 21. Rc1 Bf8 22. Qa4 Bxc5 23. Bxc5 Qxc5 24. e3 Ng4 25. Ne2 Qe7 26. Nd4 Ne5 27. Bf1 Bf7 28. Qa5 Rb6 29. Be2 Kg7 30. Kg2 Kf6 31. h4 h5 32. Rc5 Qd6 33. Qc3 Ke7 34. Rxe5+ 1-0

[Event "Minsk Bronstein Memorial"]
[Site "Minsk"]
[Date "2025.02.15"]
[Round "3"]
[White "Zarubitski, Viachaslau"]
[Black "Matskevich, Maksim"]
[Result "1-0"]
[WhiteElo "2397"]
[BlackElo "1933"]
[PlyCount "81"]
[EventDate "2025.02.15"]
[EventType "swiss (rapid)"]
[EventRounds "10"]
[EventCountry "BLR"]
[SourceTitle "CB09_2025"]
[SourceDate "2025.02.27"]
[SourceVersion "1"]
[SourceVersionDate "2025.02.27"]
[SourceQuality "1"]

1. c4 Nf6 2. Nc3 d5 3. cxd5 Nxd5 4. g3 g6 5. Bg2 Nxc3 6. dxc3 Qxd1+ 7. Kxd1 e5 8. h4 h5 9. Nf3 f6 10. Nd2 Nd7 11. Ne4 Bc5 12. Nxc5 Nxc5 13. Be3 Na4 14. Kc2 c6 15. Rad1 Bf5+ 16. Kc1 Ke7 17. Rd2 Rhd8 18. Rxd8 Rxd8 19. c4 Nb6 20. b3 Nc8 21. a4 a6 22. Rd1 Rxd1+ 23. Kxd1 Nd6 24. Bc5 Kd7 25. f3 e4 26. f4 b5 27. cxb5 cxb5 28. axb5 axb5 29. Kd2 Kc6 30. Bd4 Be6 31. Kc3 f5 32. e3 Bf7 33. Bf1 Ne8 34. Be5 Kb6 35. Kb4 Nc7 36. Bxc7+ Kxc7 37. Bxb5 Kb6 38. Bc4 Be8 39. Kc3 Kc5 40. b4+ Kb6 41. Kd4 1-0

[Event "Orsha op-A 23rd"]
[Site "Orsha"]
[Date "2025.02.09"]
[Round "9"]
[White "Zeliantsova, Kseniya"]
[Black "Zarubitski, Viachaslau"]
[Result "1/2-1/2"]
[WhiteElo "1999"]
[BlackElo "2397"]
[PlyCount "78"]
[EventDate "2025.02.03"]
[EventType "swiss"]
[EventRounds "9"]
[EventCountry "BLR"]
[SourceTitle "CB07_2025"]
[SourceDate "2025.02.12"]
[SourceVersion "1"]
[SourceVersionDate "2025.02.12"]
[SourceQuality "1"]

1. e4 c5 2. Nf3 d6 3. Bb5+ Bd7 4. Bxd7+ Nxd7 5. 0-0 Ngf6 6. Re1 e6 7. c3 Be7 8. d4 0-0 9. Bg5 h6 10. Bh4 cxd4 11. cxd4 d5 12. e5 Ne4 13. Bxe7 Qxe7 14. Nbd2 Nxd2 15. Nxd2 Qb4 16. Nb3 Rfc8 17. Re3 a5 18. a3 Qb6 19. a4 Rc4 20. Rg3 Qb4 21. Qg4 Qf8 22. Qf4 Kh8 23. Rf3 Kg8 24. Rg3 g6 25. h4 h5 26. Qg5 Rb4 27. Rf3 b5 28. axb5 Rxb5 29. g4 hxg4 30. Qxg4 Qh6 31. Rg3 Rab8 32. Qh3 Qh5 33. Nxa5 Rxb2 34. Nc6 Rb1+ 35. Rxb1 Rxb1+ 36. Kh2 Qd1 37. Qg2 Qh5 38. Qh3 Qd1 39. Qg2 Qc1 1/2-1/2

[Event "Orsha op-A 23rd"]
[Site "Orsha"]
[Date "2025.02.05"]
[Round "4"]
[White "Chudinov, Rodion"]
[Black "Zarubitski, Viachaslau"]
[Result "0-1"]
[WhiteElo "1916"]
[BlackElo "2397"]
[PlyCount "166"]
[EventDate "2025.02.03"]
[EventType "swiss"]
[EventRounds "9"]
[EventCountry "BLR"]
[SourceTitle "CB07_2025"]
[SourceDate "2025.02.12"]
[SourceVersion "1"]
[SourceVersionDate "2025.02.12"]
[SourceQuality "1"]

1. e4 c5 2. d4 cxd4 3. Qxd4 Nc6 4. Qd3 g6 5. Nc3 Bg7 6. Nf3 Nf6 7. Be2 0-0 8. 0-0 d6 9. Nd5 Bg4 10. c3 Nd7 11. Rd1 Nc5 12. Qc2 Rc8 13. Be3 Bxf3 14. Bxf3 e6 15. Nb4 Ne5 16. Be2 Qc7 17. f4 Ned7 18. Bf3 Rfd8 19. Nd3 b5 20. Nxc5 Nxc5 21. Qe2 Qb8 22. f5 b4 23. fxe6 fxe6 24. Bg4 bxc3 25. bxc3 Kh8 26. Bxc5 Rxc5 27. Bxe6 Rxc3 28. Rab1 Qc7 29. Bd5 Qc5+ 30. Kh1 Rc2 31. Qg4 Rf8 32. h4 Qf2 33. h5 gxh5 34. Qh3 h4 35. Be6 Be5 36. Bf5 Rc3 37. Rd3 Qxa2 38. Rbd1 Rxd3 39. Qxd3 Qf2 40. Qf3 Qxf3 41. gxf3 h3 42. Rf1 d5 43. f4 Bc7 44. Kh2 dxe4 45. Bxe4 Re8 46. Bc6 Re6 47. Ba8 Rh6 48. Rf3 a5 49. Rxh3 Bxf4+ 50. Kg2 Ra6 51. Bd5 a4 52. Kf3 Bh6 53. Bc4 Rf6+ 54. Ke2 Bc1 55. Rf3 Rh6 56. Rf8+ Kg7 57. Rf7+ Kh8 58. Rf8+ Kg7 59. Rf7+ Kg6 60. Ra7 Rh2+ 61. Kd1 Rh1+ 62. Kc2 a3 63. Bd3+ Kf6 64. Bxh7 Bf4 65. Be4 Rh2+ 66. Kb3 Bd6 67. Bc2 Rh3+ 68. Ka2 Ke5 69. Ra4 Rh2 70. Kb3 Kd5 71. Ra5+ Bc5 72. Ra8 Rh3+ 73. Ka2 Kc4 74. Bf5 Rh2+ 75. Kb1 Rh1+ 76. Ka2 Rh2+ 77. Kb1 Rb2+ 78. Kc1 Rf2 79. Be6+ Kc3 80. Kd1 Kd3 81. Bh3 a2 82. Ke1 Rb2 83. Bf5+ Kc3 0-1

[Event "Orsha op-A 23rd"]
[Site "Orsha"]
[Date "2025.02.05"]
[Round "5"]
[White "Zarubitski, Viachaslau"]
[Black "Rozum, Ivan"]
[Result "1/2-1/2"]
[WhiteElo "2397"]
[BlackElo "2443"]
[PlyCount "65"]
[EventDate "2025.02.03"]
[EventType "swiss"]
[EventRounds "9"]
[EventCountry "BLR"]
[SourceTitle "CB07_2025"]
[SourceDate "2025.02.12"]
[SourceVersion "1"]
[SourceVersionDate "2025.02.12"]
[SourceQuality "1"]

1. e4 c5 2. Nf3 d6 3. c3 Nf6 4. h3 Nc6 5. Bd3 e5 6. Bc2 g6 7. 0-0 Bg7 8. d4 cxd4 9. cxd4 exd4 10. Nxd4 0-0 11. Nc3 d5 12. Nxc6 bxc6 13. Bg5 h6 14. Be3 Re8 15. Re1 Ba6 16. Ba4 Re6 17. exd5 Nxd5 18. Bb3 Re7 19. Nxd5 cxd5 20. Qd2 Bc4 21. Bxh6 Bxh6 22. Qxh6 Rxe1+ 23. Rxe1 Bxb3 24. axb3 Qb6 25. h4 d4 26. h5 Qa5 27. Re4 Qxh5 28. Qd2 Qd5 29. Rxd4 Qxb3 30. Rh4 Qe6 31. Qd4 f6 32. Re4 Qc6 33. Qc4+ 1/2-1/2

[Event "Titled Tuesday intern op 28th Jan Early"]
[Site "Chess.com INT"]
[Date "2025.01.28"]
[Round "6"]
[White "Mostbauer, Maximilian"]
[Black "Zarubitski, Viachaslau"]
[Result "1-0"]
[WhiteElo "2178"]
[BlackElo "2398"]
[PlyCount "147"]
[EventDate "2025.01.28"]
[EventType "swiss (blitz)"]
[EventRounds "11"]
[EventCountry "USA"]
[SourceTitle "CB06_2025"]
[SourceDate "2025.02.05"]
[SourceVersion "1"]
[SourceVersionDate "2025.02.05"]
[SourceQuality "1"]

1. d4 e6 2. Nf3 d5 3. g3 c5 4. Bg2 Nc6 5. 0-0 cxd4 6. Nxd4 Nf6 7. b3 Nxd4 8. Qxd4 Qc7 9. Bb2 Bc5 10. Qd1 Bd7 11. Nd2 Bc6 12. e3 h5 13. c4 h4 14. Bxf6 gxf6 15. cxd5 Bxd5 16. Bxd5 exd5 17. Rc1 hxg3 18. hxg3 Qd7 19. Qf3 Ba3 20. Rc2 Qh3 21. Rd1 Rd8 22. Nf1 Rh5 23. Rcd2 Rf5 24. Qg2 Qxg2+ 25. Kxg2 Re5 26. Nh2 Ke7 27. Nf3 Rh5 28. g4 Rg8 29. Nh2 Bd6 30. f4 Rh4 31. Rxd5 Rgh8 32. Rh5 R8xh5 33. gxh5 Rxh5 34. Nf3 Ra5 35. a4 Rc5 36. Nd4 a6 37. Kf3 Bb8 38. Ke4 Ba7 39. Nf5+ Ke8 40. Nd6+ Ke7 41. Nxb7 Rc6 42. Na5 Re6+ 43. Kf5 Bxe3 44. Nc4 Bc5 45. Rd5 Bb4 46. Rd3 Kf8 47. Rh3 Kg7 48. Kg4 Rc6 49. Ne3 Rc5 50. Nf5+ Kg8 51. Rd3 Kh7 52. Rd7 Rc1 53. Rxf7+ Kg8 54. Rxf6 Rg1+ 55. Kf3 Rb1 56. Nd4 Bc3 57. Rd6 Bxd4 58. Rxd4 Rxb3+ 59. Ke4 Kf7 60. Kd5 Ke7 61. Kc6 a5 62. Kc5 Ke6 63. Rd8 Kf5 64. Ra8 Kxf4 65. Rxa5 Kf5 66. Ra8 Ke6 67. Rd8 Ke7 68. Rd4 Rf3 69. a5 Rf5+ 70. Kb6 Rf6+ 71. Kb7 Kf7 72. a6 Rf1 73. Rb4 Ra1 74. a7 1-0

[Event "Titled Tuesday intern op 28th Jan Early"]
[Site "Chess.com INT"]
[Date "2025.01.28"]
[Round "3"]
[White "Zarubitski, Viachaslau"]
[Black "Lavrov, Maxim"]
[Result "0-1"]
[WhiteElo "2398"]
[BlackElo "2344"]
[PlyCount "84"]
[EventDate "2025.01.28"]
[EventType "swiss (blitz)"]
[EventRounds "11"]
[EventCountry "USA"]
[SourceTitle "CB06_2025"]
[SourceDate "2025.02.05"]
[SourceVersion "1"]
[SourceVersionDate "2025.02.05"]
[SourceQuality "1"]

1. e4 e5 2. Nf3 Nc6 3. Bc4 Nf6 4. d3 h6 5. 0-0 d6 6. Nc3 Be7 7. a4 0-0 8. h3 Nh7 9. Be3 Ng5 10. Nd5 Nxf3+ 11. Qxf3 Be6 12. c3 Kh8 13. Qh5 Bxd5 14. Bxd5 Bg5 15. f4 exf4 16. Bxf4 Ne5 17. d4 Nd3 18. Bxg5 Qxg5 19. Qxg5 hxg5 20. Bxf7 Nxb2 21. Rf5 Nd3 22. g3 d5 23. e5 g6 24. Bxg6 Rxf5 25. Bxf5 Nb2 26. Rb1 Nxa4 27. Rxb7 Nxc3 28. Kf2 a5 29. Rxc7 Nb5 30. Rf7 Nxd4 31. Bb1 Rb8 32. Ke3 Nc6 33. e6 Rxb1 34. Ke2 Rb4 35. e7 Re4+ 36. Kf3 Rxe7 37. Rf6 Ne5+ 38. Kf2 Kg7 39. Ra6 Nc4 40. Kf3 d4 41. Kg4 d3 42. Kxg5 d2 0-1

[Event "BLR-ch 91st"]
[Site "Minsk"]
[Date "2025.01.13"]
[Round "4"]
[White "Tsaruk, Maksim"]
[Black "Zarubitski, Viachaslau"]
[Result "1/2-1/2"]
[WhiteElo "2424"]
[BlackElo "2398"]
[PlyCount "47"]
[EventDate "2025.01.10"]
[EventType "tourn"]
[EventRounds "11"]
[EventCountry "BLR"]
[EventCategory "4"]
[SourceTitle "CB04_2025"]
[SourceDate "2025.01.22"]
[SourceVersion "1"]
[SourceVersionDate "2025.01.22"]
[SourceQuality "1"]

1. e4 c6 2. d4 d5 3. exd5 cxd5 4. Bd3 Nc6 5. c3 e6 6. Nf3 Bd6 7. 0-0 Nge7 8. b3 0-0 9. Ba3 f6 10. c4 Kh8 11. Bxd6 Qxd6 12. Nc3 dxc4 13. Bxc4 Rd8 14. Rc1 Nf5 15. d5 exd5 16. Qxd5 Qxd5 17. Nxd5 Be6 18. Nf4 Bxc4 19. Rxc4 Rd6 20. Re1 Kg8 21. Rc5 Nfd4 22. Nxd4 Rxd4 23. g3 Kf7 24. Rc2 1/2-1/2

[Event "BLR-ch 91st"]
[Site "Minsk"]
[Date "2025.01.10"]
[Round "1"]
[White "Zarubitski, Viachaslau"]
[Black "Gorovets, Andrey"]
[Result "0-1"]
[WhiteElo "2398"]
[BlackElo "2481"]
[PlyCount "152"]
[EventDate "2025.01.10"]
[EventType "tourn"]
[EventRounds "11"]
[EventCountry "BLR"]
[EventCategory "4"]
[SourceTitle "CB04_2025"]
[SourceDate "2025.01.22"]
[SourceVersion "1"]
[SourceVersionDate "2025.01.22"]
[SourceQuality "1"]

1. e4 c5 2. Nf3 e6 3. d4 cxd4 4. Nxd4 Nc6 5. Nc3 Qc7 6. g3 a6 7. Bg2 Nf6 8. 0-0 Nxd4 9. Qxd4 Bc5 10. Bf4 d6 11. Qd2 h6 12. Rad1 e5 13. Be3 Bxe3 14. fxe3 Be6 15. Qxd6 Rc8 16. Bf3 h5 17. Rf2 h4 18. Qxc7 Rxc7 19. Nd5 Bxd5 20. exd5 hxg3 21. hxg3 e4 22. Be2 Kd7 23. c4 a5 24. b3 Kd6 25. Rdf1 Rf8 26. Rf4 Re7 27. Kf2 Rh8 28. Kg2 b5 29. g4 bxc4 30. Bxc4 Rh6 31. Rh1 Rg6 32. Kg3 Re5 33. Rh8 Reg5 34. Kf2 Nxg4+ 35. Ke2 f5 36. Ra8 Rh6 37. Ra6+ Ke5 38. Re6+ Rxe6 39. dxe6 Kf6 40. Bd5 Ke7 41. Kd2 Kd6 42. Bc4 Ne5 43. Rf1 Nxc4+ 44. bxc4 Kxe6 45. Rb1 Rg2+ 46. Kc3 Rxa2 47. Rb6+ Ke5 48. Rb5+ Kf6 49. Rb6+ Ke7 50. Kd4 g5 51. Ke5 g4 52. Rb7+ Kd8 53. Rg7 Rf2 54. Kd6 Rd2+ 55. Ke5 Rf2 56. Kd6 Ke8 57. c5 Kf8 58. Rg5 Kf7 59. c6 Kf6 60. Rg8 Rd2+ 61. Kc5 Rc2+ 62. Kd6 Rd2+ 63. Kc5 a4 64. c7 Rc2+ 65. Kd6 a3 66. c8Q Rxc8 67. Rxc8 g3 68. Rf8+ Kg5 69. Ke5 Kg4 70. Rxf5 g2 71. Rf8 a2 72. Ra8 Kf3 73. Rf8+ Kxe3 74. Ra8 g1Q 75. Ra3+ Kf2 76. Rxa2+ Kf3 0-1

[Event "Tashkent President op 3rd"]
[Site "Tashkent"]
[Date "2024.11.22"]
[Round "2"]
[White "Zarubitski, Viachaslau"]
[Black "Pranesh, Munirethinam"]
[Result "0-1"]
[WhiteElo "2389"]
[BlackElo "2580"]
[PlyCount "103"]
[EventDate "2024.11.21"]
[EventType "swiss"]
[EventRounds "9"]
[EventCountry "UZB"]
[SourceTitle "CB49_2024"]
[SourceDate "2024.12.04"]
[SourceVersion "1"]
[SourceVersionDate "2024.12.04"]
[SourceQuality "1"]

1. e4 e5 2. Nf3 Nc6 3. Nc3 Nf6 4. Bb5 Bc5 5. 0-0 d6 6. d4 exd4 7. Nxd4 Bd7 8. Nxc6 bxc6 9. Bd3 Ng4 10. h3 Ne5 11. Na4 Bb6 12. Nxb6 axb6 13. f4 Nxd3 14. Qxd3 0-0 15. Bd2 f6 16. Bc3 Qe7 17. a4 c5 18. e5 dxe5 19. fxe5 f5 20. a5 bxa5 21. Rxa5 Rxa5 22. Bxa5 Be6 23. Qf3 f4 24. Bc3 Qf7 25. Rf2 g5 26. Qc6 c4 27. Qe4 h6 28. Bb4 Rb8 29. Bc3 Rd8 30. Rd2 Rf8 31. Bb4 Rb8 32. Bc3 Re8 33. Rd4 Kg7 34. Qf3 Kh7 35. Qe4+ Qg6 36. Qxg6+ Kxg6 37. Ba5 Rb8 38. Bc3 Kf5 39. Kf2 Ra8 40. g3 h5 41. gxf4 g4 42. h4 Ra1 43. Rd8 Kxf4 44. Rf8+ Ke4 45. Rf6 Kd5 46. Rh6 Rc1 47. Rxh5 Rxc2+ 48. Kg3 Re2 49. Rh8 Re3+ 50. Kg2 Ke4 51. Re8 Bd5 52. e6 0-1

[Event "RUS-ch Rapid"]
[Site "Sochi"]
[Date "2024.10.16"]
[Round "11"]
[White "Makarian, Rudik"]
[Black "Zarubitski, Viachaslau"]
[Result "1/2-1/2"]
[WhiteElo "2550"]
[BlackElo "2389"]
[PlyCount "178"]
[EventDate "2024.10.15"]
[EventType "swiss (rapid)"]
[EventRounds "11"]
[EventCountry "RUS"]
[SourceTitle "CB43_2024"]
[Source "Chessbase"]
[SourceDate "2024.10.23"]
[SourceVersion "1"]
[SourceVersionDate "2024.10.23"]
[SourceQuality "1"]

1. c4 c6 2. Nf3 Nf6 3. d4 d5 4. Nc3 dxc4 5. a4 Bf5 6. Ne5 Nbd7 7. Nxc4 Qc7 8. g3 e5 9. dxe5 Nxe5 10. Bf4 Nfd7 11. Bg2 g5 12. Bxe5 Nxe5 13. Qd4 f6 14. Ne3 Be6 15. a5 Bg7 16. Ne4 0-0 17. Nc5 Bf7 18. Nf5 Rad8 19. Qc3 Rfe8 20. Nxg7 Kxg7 21. 0-0 b6 22. axb6 axb6 23. Ne4 Bd5 24. Nd2 Bxg2 25. Kxg2 Qd7 26. Nf3 Nxf3 27. exf3 c5 28. Ra6 Qd3 29. Rxb6 Qxc3 30. bxc3 Re2 31. Rc6 Rc2 32. Rxc5 Rd3 33. Rc7+ Kg6 34. c4 Rd4 35. c5 Rd5 36. c6 Rd6 37. Re7 Rcxc6 38. Rb1 Rb6 39. Rc1 Rdc6 40. Rxc6 Rxc6 41. Re4 Kf5 42. Ra4 Rc5 43. Rb4 Ra5 44. Rb8 Kg6 45. Rb6 Kf5 46. Rb4 Rc5 47. h4 Kg6 48. Rg4 h6 49. Ra4 Rc2 50. Ra5 Rb2 51. g4 gxh4 52. Rh5 Rb6 53. Rxh4 Rb4 54. Rh5 Ra4 55. Kg3 Ra3 56. Rb5 Rc3 57. Rf5 Ra3 58. Kg2 Ra4 59. Rc5 Rb4 60. Rd5 Ra4 61. Kg3 Ra3 62. Kf4 Ra2 63. Kg3 Ra3 64. Rd6 Rb3 65. Re6 Ra3 66. Re3 Ra4 67. f4 h5 68. f3 hxg4 69. fxg4 Rb4 70. Ra3 Rc4 71. Ra6 Kg7 72. Ra7+ Kh6 73. f5 Rc3+ 74. Kh4 Rc1 75. Rf7 Rc6 76. Kg3 Rc3+ 77. Kf4 Rc4+ 78. Kf3 Rc3+ 79. Kf4 Rc4+ 80. Kg3 Rc3+ 81. Kh4 Rc6 82. Ra7 Rc3 83. Ra8 Kg7 84. Re8 Kf7 85. Rb8 Kg7 86. Rb7+ Kh6 87. Rd7 Ra3 88. Rb7 Rc3 89. Rf7 Rc6 1/2-1/2

[Event "RUS-ch Rapid"]
[Site "Sochi"]
[Date "2024.10.15"]
[Round "5"]
[White "Zarubitski, Viachaslau"]
[Black "Matlakov, Maxim"]
[Result "0-1"]
[WhiteElo "2389"]
[BlackElo "2636"]
[PlyCount "76"]
[EventDate "2024.10.15"]
[EventType "swiss (rapid)"]
[EventRounds "11"]
[EventCountry "RUS"]
[SourceTitle "CB43_2024"]
[Source "Chessbase"]
[SourceDate "2024.10.23"]
[SourceVersion "1"]
[SourceVersionDate "2024.10.23"]
[SourceQuality "1"]

1. e4 e5 2. Nf3 Nc6 3. Nc3 Nf6 4. h3 Bb4 5. Nd5 0-0 6. c3 Be7 7. d3 d6 8. Nxe7+ Nxe7 9. g3 Ng6 10. Bg2 h6 11. 0-0 Re8 12. Re1 c5 13. Be3 b6 14. a4 d5 15. a5 Bb7 16. exd5 Bxd5 17. d4 exd4 18. cxd4 c4 19. Ne5 Nf8 20. Bxd5 Qxd5 21. axb6 axb6 22. Ng4 N6d7 23. Rxa8 Rxa8 24. Qd2 Ne6 25. Ne5 Rd8 26. Qb4 b5 27. b3 Nxe5 28. dxe5 cxb3 29. Rb1 Qxe5 30. Qxb3 Rd5 31. Qb4 Qf5 32. Kg2 Re5 33. h4 Kh7 34. Rb2 g5 35. hxg5 hxg5 36. Rb1 Kg6 37. Qb3 Qe4+ 38. Kf1 Nd4 0-1

[Event "RUS-ch Rapid"]
[Site "Sochi"]
[Date "2024.10.15"]
[Round "4"]
[White "Zarubitski, Viachaslau"]
[Black "Zemlyanskii, Ivan"]
[Result "1/2-1/2"]
[WhiteElo "2389"]
[BlackElo "2543"]
[PlyCount "175"]
[EventDate "2024.10.15"]
[EventType "swiss (rapid)"]
[EventRounds "11"]
[EventCountry "RUS"]
[SourceTitle "CB43_2024"]
[Source "Chessbase"]
[SourceDate "2024.10.23"]
[SourceVersion "1"]
[SourceVersionDate "2024.10.23"]
[SourceQuality "1"]

1. e4 c5 2. Nf3 d6 3. c3 Nf6 4. h3 g6 5. Bd3 Bg7 6. Bc2 e5 7. 0-0 0-0 8. d4 exd4 9. cxd4 cxd4 10. Nxd4 d5 11. e5 Ne4 12. f4 f6 13. exf6 Qxf6 14. Nf3 Rd8 15. Nc3 Nxc3 16. bxc3 Qxc3 17. Rb1 Nc6 18. Kh1 Nb4 19. Bb3 Nd3 20. Bd2 Qc5 21. Ne5 Bxe5 22. fxe5 Nf2+ 23. Rxf2 Qxf2 24. Bg5 Be6 25. Bxd8 Rxd8 26. Rc1 Rd7 27. Ba4 Rf7 28. Bb3 Qe3 29. Qg1 Qf4 30. Rd1 b6 31. Bxd5 Qxe5 32. Bxe6 Qxe6 33. a4 Qe5 34. Rd8+ Kg7 35. Qd1 h5 36. Rd7 Qf4 37. Rxf7+ Qxf7 38. Qd4+ Kh7 39. Qe4 Qc7 40. Qd4 Qc6 41. Qe3 Kg8 42. Qe7 a5 43. Kh2 Qc5 44. Qf6 Qc7+ 45. Kh1 Kh7 46. Kg1 Kh6 47. h4 Kh7 48. Kh1 Qd7 49. Kh2 Qc7+ 50. Kh1 Qg7 51. Qxb6 Qa1+ 52. Kh2 Qxa4 53. Qa7+ Kg8 54. Qa8+ Kf7 55. Qd5+ Ke7 56. Qe5+ Kf7 57. Qd5+ Ke7 58. Qe5+ Kd7 59. Qd5+ Kc7 60. Qc5+ Kb7 61. Qe7+ Kc8 62. Qc5+ Kd7 63. Qd5+ Kc7 64. Qc5+ Kb7 65. Qe7+ Kb6 66. Qd8+ Kc5 67. Qe7+ Kc4 68. Qe4+ Kb3 69. Qd3+ Kb2 70. Qd2+ Kb1 71. Qd3+ Kc1 72. Qc3+ Kd1 73. Qd3+ Ke1 74. Qe3+ Kf1 75. Qd3+ Kf2 76. Qf3+ Ke1 77. Qe3+ Kd1 78. Qd3+ Kc1 79. Qc3+ Kb1 80. Qd3+ Kb2 81. Qd2+ Kb1 82. Qd3+ Ka2 83. Qd2+ Kb3 84. Qd1+ Ka3 85. Qa1+ Kb3 86. Qd1+ Kb4 87. Qd4+ Kb5 88. Qd7+ 1/2-1/2